000 00371nam a2200145Ia 4500
008 230917s9999||||xx |||||||||||||| ||und||
040 _e109673
_aMAIN
041 _aEnglish
082 _a355.00954 M294E
100 _aMalhotra , V P
245 0 _aEncyclpedia of Indian army. 9V
260 _aNew Delhi
_bAnmol Publications
_c2006
300 _axi, 240 p.
942 _cBK
999 _c135298
_d135298